000 00376 a2200169 4500
001 191010
020 _a978-85-06-07589-0
040 _cMagnum
100 _aWalsh, Alice
240 1 0 _aMuito longe de casa
_lpor
245 1 0 _aMuito longe de casa
300 _a168
362 0 _a2014
440 1 _aMelhoramentos
697 _aLITERATURA JUVENIL ESTRANGEIRA
942 _cBK
999 _c191010
_d191010